000 01054nam a2200265 i 4500
001 19145
003 ES-MaACL
005 20250928125306.0
007 t|
008 020624s2002 sp ||||1| spa d
020 _a84-89913-35-8
080 _a75 Cano, Alonso (083.824)
245 0 0 _aAlonso Cano
_b: la modernidad del Siglo de Oro español : sala de exposiciones de la Fundación Santander Central Hispano : 1 abril-26 mayo 2002.
260 _a[Madrid] :
_bFundación Santander Central Hispano ;
_a[Sevilla] :
_bConsejería de Cultura de la Junta de Andalucía,
_c[2002]
300 _a236 p. :
_bil. col. ;
_c30 cm.
504 _aBibliografía: p. 213-236.
600 1 4 _aCano, Alonso,
_d1601-1667-
_vExposiciones
_934522
655 7 _2tgfbne
_9193628
_aCatálogos de exposiciones
700 1 _aCano, Alonso,
_d1601-1667
_934521
710 2 _aFundación Santander Central Hispano.
_94415
710 1 _aAndalucía.
_bConsejería de Cultura.
_91392
852 _aES-MaACL
_jL-25573
_bR.131583
942 _2udc
999 _c19145
_d19145